00000000nam 2200000zi 4500
0019.946560
003CaOODSP
00520250107105816
006m     o  d f      
007cr |n|||||||||
008250107t20072007qucab   ob   f000 0 eng d
020 |z0662443608
040 |aCaOODSP|beng|erda|cCaOODSP
043 |an-cn-qu
0861 |aR64-105/11-2006E-PDF|zR64-105/11-2006E
24500|aFort Lennox National Historic Site of Canada management plan.
264 1|a[Gatineau, Québec] : |bParks Canada, |c[2007]
264 4|c©2007
300 |a1 online resource (61 pages) : |billustrations, color maps
336 |atext|btxt|2rdacontent
337 |acomputer|bc|2rdamedia
338 |aonline resource|bcr|2rdacarrier
500 |aIssued also in French under title: Lieu historique national du Canada du Fort-Lennox, plan directeur.
500 |aDigitized edition from print [produced by Government of Canada Publications Directorate].
504 |aIncludes bibliographical references (page 61).
550 |aIssued by: Western Quebec Field Unit.
650 0|aHistoric sites|zQuébec (Province)|xManagement.
650 0|aNational parks and reserves|zQuébec (Province)|xManagement.
650 6|aLieux historiques|zQuébec (Province)|xGestion.
650 6|aParcs nationaux|zQuébec (Province)|xGestion.
651 0|aFort Lennox National Historic Site (Québec) |xManagement.
651 6|aLieu historique national du Fort-Lennox (Québec) |xGestion.
7102 |aParks Canada. |bWestern Québec Field Unit, |eissuing body.
7760#|tFort Lennox National Historic Site of Canada : |w(CaOODSP)9.650379
85640|qPDF|s19234 KB|uhttps://publications.gc.ca/collections/collection_2025/pc/R64-105-11-2006-eng.pdf